Bandiere con il maggior numero di stelle - Statistics

Statistiche generali
  • Questo quiz è stato fatto 216 volte
  • Il punteggio medio è 11 su 23
Statistiche sulle risposte
# paese % Corretto
50 Stati Uniti
99%
6 Australia
89%
4 Nuova Zelanda
88%
5 Cina
87%
9 Bosnia ed Erzegovina
77%
4 Micronesia
76%
5 Honduras
65%
9 Tuvalu
63%
8 Venezuela
61%
5 Samoa
46%
5 Isole Salomone
40%
5 Papua Nuova Guinea
36%
10 Cabo Verde
33%
6 Kosovo
33%
12 Uzbekistan
32%
27 Brasile
30%
5 Singapore
25%
4 Comoros
24%
5 Turkmenistan
20%
7 Tagikistan
16%
7 Grenada
14%
10 Dominica
11%
6 Guinea Equatoriale
2%
Nessun quiz corrispondente trovato
Distribuzione punteggi
Percentuale di utenti per punteggio
Percentile per numero di risposta
I tuoi punteggi nel tempo
Non hai fatto questo quiz